000 00670nam a2200229 u 4500
005 20220916063613.0
008 141028s2007 r 000 0 eng d
020 _a1403486611
035 _aUPN01000200547
049 _aI
050 4 _aQC931.4
_bM3.8
100 1 _aMayer, Cassie
_932877
245 1 0 _aViento /
_cCassie Mayer.
260 _aIllinois, EUA :
_bHeinemann,
_cc2007.
300 _a24 p. :
_bprincipalmente il. col.
440 0 _aObservemos el tiempo.
_pBellota
534 _pTítulo original:
_tWind
650 4 _aVIENTOS -
_vLITERATURA INFANTIL
_923575
650 7 _aLibros ilustrados para niños
_2
_921365
905 _aInfantil
999 _c172648
_d172648